000
00323 a2200145 4500
001
179874
020
_a
040
_c
Magnum
100
_a
Kappenbur, Frei Boaventura
240
1
0
_a
Documentos do vaticano ii
_l
por
245
1
0
_a
Documentos do vaticano ii
362
0
_a
1899
697
_a
MAGNITO: RELIGIAO
942
_c
BK
999
_c
179874
_d
179874